[Event "XtraCon-Skakligaen"]
[Site "Denmark"]
[Date "2012.01.29"]
[Round "6.4"]
[White "Lindfeldt, Jan Magnus"]
[Black "Christensen, Tobias"]
[Result "1/2-1/2"]
[WhiteElo "2246"]
[BlackElo "2346"]
[PlyCount "56"]
[EventDate "2011.10.29"]
[EventType "team-tourn"]
[EventRounds "9"]
[WhiteTeam "SK1968"]
[BlackTeam "Aarhus/Skolerne"]
[WhiteTeamCountry "DEN"]
[BlackTeamCountry "DEN"]

1. e4 e5 2. Nf3 Nc6 3. Bb5 Nf6 4. d3 d6 5. c3 Be7 6. O-O O-O 7. Re1 Bd7 8. Ba4
Kh8 9. Nbd2 Qe8 10. Bc2 Ng8 11. d4 Bf6 12. dxe5 dxe5 13. b4 Rd8 14. Nc4 Nge7
15. Qe2 a6 16. a4 Nc8 17. Ne3 Be6 18. Ba3 Nd6 19. b5 axb5 20. axb5 Ne7 21. c4
Ng6 22. g3 c6 23. Nf5 Be7 24. Nxe7 Nxe7 25. Bd3 f6 26. b6 Bg4 27. Qe3 Qh5 28.
Nd2 Be6 1/2-1/2

[Event "XtraCon-Skakligaen"]
[Site "Denmark"]
[Date "2012.01.29"]
[Round "6.5"]
[White "Ochsner, Bjorn Moller"]
[Black "Hansen, Lars"]
[Result "0-1"]
[WhiteElo "2252"]
[BlackElo "2245"]
[PlyCount "74"]
[EventDate "2011.10.29"]
[EventType "team-tourn"]
[EventRounds "9"]
[WhiteTeam "Aarhus/Skolerne"]
[BlackTeam "SK1968"]
[WhiteTeamCountry "DEN"]
[BlackTeamCountry "DEN"]

1. e4 g6 2. d4 Bg7 3. Nc3 c6 4. Nf3 d6 5. Be2 b5 6. Bg5 Nd7 7. O-O Bb7 8. Re1
Qc7 9. Bf1 a6 10. Qd2 e5 11. a4 b4 12. Na2 exd4 13. Nxb4 Ngf6 14. Nxd4 O-O 15.
Nf3 Rfe8 16. Bd3 c5 17. Nd5 Nxd5 18. exd5 c4 19. Bf1 c3 20. Rxe8+ Rxe8 21. Qd1
cxb2 22. Rb1 Nb6 23. Be3 Nxd5 24. Bd4 Nc3 25. Bxc3 Qxc3 26. Ne1 Qa3 27. Bc4
Qxa4 28. Bb3 Qc6 29. Qf3 Qxf3 30. gxf3 Bd4 31. Kg2 Re5 32. Nd3 Rg5+ 33. Kf1
Bxf3 34. Nxb2 Rg2 35. Nd1 Rxh2 36. Ke1 Rh1+ 37. Kd2 Rxd1+ 0-1

[Event "XtraCon-Skakligaen"]
[Site "Denmark"]
[Date "2012.01.29"]
[Round "6.6"]
[White "Bank, Pelle Rodkjaer"]
[Black "Rendboe, John Filip"]
[Result "0-1"]
[WhiteElo "2241"]
[BlackElo "2242"]
[PlyCount "78"]
[EventDate "2011.10.29"]
[EventType "team-tourn"]
[EventRounds "9"]
[WhiteTeam "SK1968"]
[BlackTeam "Aarhus/Skolerne"]
[WhiteTeamCountry "DEN"]
[BlackTeamCountry "DEN"]

1. e4 c5 2. Nf3 Nc6 3. Nc3 e5 4. Bc4 Be7 5. d3 Nf6 6. Nd2 d6 7. Nf1 O-O 8. Ne3
a6 9. a4 Nb4 10. O-O Be6 11. Ned5 Nbxd5 12. exd5 Bd7 13. a5 b5 14. axb6 Qxb6
15. f4 exf4 16. Rxf4 Bb5 17. b3 Nd7 18. Bb2 Ne5 19. Na4 Qc7 20. Qf1 Bxc4 21.
dxc4 g6 22. h4 f5 23. Nc3 Bf6 24. Ra2 Qe7 25. g3 Ng4 26. Nd1 Bxb2 27. Rxb2 Rfe8
28. Rf3 Qe5 29. c3 Rab8 30. Nf2 Nxf2 31. Qxf2 a5 32. Kg2 Qe4 33. Kh2 a4 34. Rf4
Qd3 35. Rd2 Qxc3 36. bxa4 Rb3 37. Rc2 Qb4 38. g4 fxg4 39. Rf7 g3+ 0-1

[Event "XtraCon-Skakligaen"]
[Site "Denmark"]
[Date "2012.01.29"]
[Round "6.7"]
[White "Hagen, Kresten Skytte"]
[Black "Hansen, Bjarne"]
[Result "1/2-1/2"]
[WhiteElo "2190"]
[BlackElo "2235"]
[PlyCount "136"]
[EventDate "2011.10.29"]
[EventType "team-tourn"]
[EventRounds "9"]
[WhiteTeam "Aarhus/Skolerne"]
[BlackTeam "SK1968"]
[WhiteTeamCountry "DEN"]
[BlackTeamCountry "DEN"]

1. Nf3 Nf6 2. c4 c6 3. d4 d6 4. Nc3 Nbd7 5. e4 e5 6. Be2 Be7 7. O-O a6 8. Be3
O-O 9. d5 cxd5 10. cxd5 b5 11. b4 Nb6 12. Nd2 Bd7 13. f3 Qb8 14. Qb3 Bd8 15. f4
Na4 16. fxe5 Bb6 17. Nd1 dxe5 18. Kh1 Ne8 19. Rc1 Nd6 20. Bc5 Rc8 21. Qe3 f6
22. Nb3 Nc4 23. Qf2 a5 24. Bxb6 Naxb6 25. bxa5 Na4 26. Ne3 Nab2 27. Bxc4 Nxc4
28. Nxc4 Rxc4 29. Rxc4 bxc4 30. Nc5 Qc7 31. Rc1 Bb5 32. a4 Ba6 33. Nxa6 Rxa6
34. Qe2 Qxa5 35. Rxc4 Ra8 36. h3 Qb6 37. Qc2 Qe3 38. Rc8+ Rxc8 39. Qxc8+ Kf7
40. Qe6+ Kf8 41. Qf5 Qa3 42. Qc8+ Kf7 43. Qc7+ Kg6 44. Qc4 h5 45. Kh2 h4 46.
Qe2 Qxa4 47. Qg4+ Kf7 48. Qxh4 Qd4 49. Qg4 Qd2 50. Qe6+ Kg6 51. Qf5+ Kf7 52.
Qf3 Kf8 53. h4 Ke7 54. Qa3+ Ke8 55. Qf3 Kf8 56. Kh3 Kg8 57. Kg3 Kf7 58. Qh5+
Kf8 59. Qf5 Qe1+ 60. Kg4 Qe2+ 61. Qf3 Qd2 62. Kf5 Kf7 63. Qg3 Qc2 64. Qg6+ Kf8
65. Ke6 Qc7 66. d6 Qc4+ 67. Kd7 Qb5+ 68. Kc7 Qc5+ 1/2-1/2

[Event "XtraCon-Skakligaen"]
[Site "Denmark"]
[Date "2012.01.29"]
[Round "6.8"]
[White "Sorensen, Torben Kyhl"]
[Black "Jensen, Jacob Bjerre"]
[Result "1-0"]
[WhiteElo "2237"]
[BlackElo "2172"]
[PlyCount "119"]
[EventDate "2011.10.29"]
[EventType "team-tourn"]
[EventRounds "9"]
[WhiteTeam "SK1968"]
[BlackTeam "Aarhus/Skolerne"]
[WhiteTeamCountry "DEN"]
[BlackTeamCountry "DEN"]

1. e4 e6 2. d4 d5 3. exd5 exd5 4. Nf3 c5 5. dxc5 Bxc5 6. Nc3 Ne7 7. Bd3 O-O 8.
O-O Nbc6 9. a3 f6 10. Na4 Bd6 11. c4 Kh8 12. Nc3 dxc4 13. Bxc4 Bg4 14. h3 Bxf3
15. Qxf3 Ne5 16. Qe2 Nf5 17. Bd5 Bc5 18. Kh1 Qe7 19. Bf4 Rad8 20. Rae1 Bd4 21.
Qe4 Qc5 22. Qxf5 Bxc3 23. Rc1 Rxd5 24. Rxc3 Qb5 25. Rfc1 Ng6 26. Qe4 Nxf4 27.
Qxf4 Qxb2 28. Rc7 Qxa3 29. Rxb7 Rc5 30. Rd1 Rg5 31. h4 Rg6 32. Rb8 h5 33. Rxf8+
Qxf8 34. Qf5 Rh6 35. Rc1 g6 36. Qe6 Rh7 37. Rc8 Qxc8 38. Qxc8+ Kg7 39. Qb8 Kh6
40. Qf4+ Kg7 41. Qd4 Kg8 42. Qxf6 Rg7 43. f4 Kh7 44. Kh2 Rb7 45. f5 Rg7 46.
fxg6+ Rxg6 47. Qf7+ Kh6 48. Qxa7 Rg4 49. g3 Rg6 50. Qc5 Rg7 51. Qe5 Rg8 52.
Qf6+ Kh7 53. Qf7+ Kh6 54. Qf5 Rg7 55. Kg2 Rg8 56. Kf3 Rg7 57. Ke4 Rg8 58. Kf4
Rg7 59. Qf6+ Rg6 60. Qh8# 1-0

[Event "XtraCon-Skakligaen"]
[Site "Denmark"]
[Date "2012.01.29"]
[Round "6.1"]
[White "Borge, Nikolaj"]
[Black "Schandorff, Lars"]
[Result "0-1"]
[WhiteElo "2408"]
[BlackElo "2494"]
[PlyCount "94"]
[EventDate "2011.10.29"]
[EventType "team-tourn"]
[EventRounds "9"]
[WhiteTeam "Hillerod"]
[BlackTeam "Sydostfyn"]
[WhiteTeamCountry "DEN"]
[BlackTeamCountry "DEN"]

1. e4 e5 2. Nc3 Nf6 3. Bc4 Nc6 4. d3 Na5 5. Nf3 d6 6. h3 Be7 7. Be3 O-O 8. a3
Nxc4 9. dxc4 c6 10. c5 Qc7 11. cxd6 Bxd6 12. Nh4 Be6 13. Qf3 Rfd8 14. Bg5 Be7
15. Nf5 Bxf5 16. Qxf5 Ne8 17. Be3 Nd6 18. Qxe5 Bf6 19. Qg3 Qe7 20. Bc5 Bxc3+
21. Qxc3 Qxe4+ 22. Kf1 Nb5 23. Qb3 Rd7 24. Re1 Qxc2 25. Qe3 Rd1 26. Rxd1 Qxd1+
27. Qe1 Qc2 28. Be7 Re8 29. Kg1 Nc7 30. Qb4 Nd5 31. Qc5 Qxb2 32. Bd6 Qb6 33.
Qc2 Qd8 34. Bg3 Qa5 35. Qb2 Qb6 36. Qc1 Qd4 37. Kh2 h6 38. Re1 Re4 39. Rxe4
Qxe4 40. Qc5 a6 41. Qd6 Qe7 42. Qb8+ Kh7 43. Bd6 Qd7 44. Qf8 Qf5 45. Bg3 Qe6
46. Qb8 Qd7 47. Qf8 Ne7 0-1

[Event "XtraCon-Skakligaen"]
[Site "Denmark"]
[Date "2012.01.29"]
[Round "6.2"]
[White "Pedersen, Steffen"]
[Black "Jaksland, Tim"]
[Result "0-1"]
[WhiteElo "2431"]
[BlackElo "2306"]
[PlyCount "86"]
[EventDate "2011.10.29"]
[EventType "team-tourn"]
[EventRounds "9"]
[WhiteTeam "Sydostfyn"]
[BlackTeam "Hillerod"]
[WhiteTeamCountry "DEN"]
[BlackTeamCountry "DEN"]

1. d4 d6 2. e4 Nf6 3. Bd3 e5 4. c3 d5 5. dxe5 Nxe4 6. Nf3 Nc6 7. Nbd2 Nc5 8.
Nb3 Bg4 9. Bb5 a6 10. Bxc6+ bxc6 11. h3 Bxf3 12. Qxf3 Nxb3 13. axb3 Bc5 14. Qg4
g6 15. O-O Qd7 16. Qe2 O-O 17. b4 Bb6 18. Bg5 Rfe8 19. Bf6 h6 20. Rad1 Qf5 21.
Rfe1 a5 22. b5 cxb5 23. Rxd5 c6 24. Qd2 Bxf2+ 25. Kh2 g5 26. Rf1 Bg3+ 27. Kxg3
Qxf1 28. Rd4 Qf5 29. h4 Rxe5 30. Bxe5 Qxe5+ 31. Kg4 Qe6+ 32. Kg3 Qe5+ 33. Kg4
Re8 34. hxg5 hxg5 35. Rd6 Qe4+ 36. Kg3 Qh4+ 37. Kf3 Qe4+ 38. Kg3 Re5 39. Rd4
Qe2 40. Rd6 Qe4 41. Rd4 Qe3+ 42. Kg4 Re4+ 43. Kf5 Rf4+ 0-1

[Event "XtraCon-Skakligaen"]
[Site "Denmark"]
[Date "2012.01.29"]
[Round "6.3"]
[White "Ostergaard, Jens"]
[Black "Borbjerggaard, Lars"]
[Result "1/2-1/2"]
[WhiteElo "2260"]
[BlackElo "2339"]
[PlyCount "73"]
[EventDate "2011.10.29"]
[EventType "team-tourn"]
[EventRounds "9"]
[WhiteTeam "Hillerod"]
[BlackTeam "Sydostfyn"]
[WhiteTeamCountry "DEN"]
[BlackTeamCountry "DEN"]

1. d4 Nf6 2. Nf3 g6 3. c4 Bg7 4. Nc3 O-O 5. e4 d6 6. Be2 e5 7. O-O exd4 8. Nxd4
Re8 9. f3 Nc6 10. Be3 Nh5 11. Qd2 Nxd4 12. Bxd4 Nf4 13. Rfd1 Qg5 14. Bf1 Bxd4+
15. Qxd4 Ne6 16. Qf2 Qc5 17. Nd5 Kg7 18. b4 Qxf2+ 19. Kxf2 Rf8 20. g3 f6 21.
Bh3 Rf7 22. Rac1 b6 23. Bxe6 Bxe6 24. Nf4 Re8 25. Nxe6+ Rxe6 26. c5 dxc5 27.
bxc5 Rc6 28. Ke3 bxc5 29. Rd5 Ra6 30. Rc2 Ra3+ 31. Rd3 Ra4 32. Rd5 Ra3+ 33. Rd3
Ra4 34. Rdc3 f5 35. Rxc5 fxe4 36. fxe4 Re7 37. Rxc7 1/2-1/2

[Event "XtraCon-Skakligaen"]
[Site "Denmark"]
[Date "2012.01.29"]
[Round "6.4"]
[White "Nordenbaek, Jan"]
[Black "Pedersen, Martin Rosenkilde"]
[Result "1/2-1/2"]
[WhiteElo "2252"]
[BlackElo "2186"]
[PlyCount "112"]
[EventDate "2011.10.29"]
[EventType "team-tourn"]
[EventRounds "9"]
[WhiteTeam "Sydostfyn"]
[BlackTeam "Hillerod"]
[WhiteTeamCountry "DEN"]
[BlackTeamCountry "DEN"]

1. Nf3 f5 2. d3 Nc6 3. e4 e5 4. Nc3 Nf6 5. exf5 d5 6. d4 e4 7. Ne5 Bxf5 8. Bb5
Qd6 9. Bf4 Qe6 10. h3 a6 11. Ba4 Bb4 12. Nxc6 bxc6 13. Qd2 Ba5 14. a3 O-O 15.
b4 Bb6 16. Ne2 a5 17. Qc3 axb4 18. axb4 Bg6 19. O-O Be8 20. Be5 Nh5 21. Bb3 Rc8
22. Kh2 Bd7 23. f3 exf3 24. Rxf3 Rf7 25. Raf1 Rcf8 26. Qe3 Nf6 27. c3 Qe7 28.
Bc2 Bg4 29. Bxf6 Qxe3 30. Rxe3 Bxe2 31. Rxe2 Rxf6 32. Rxf6 Rxf6 33. Ba4 Kf7 34.
Kg3 Kg6 35. Re7 Rd6 36. Kf4 Kf6 37. Re5 Re6 38. Re3 Rxe3 39. Kxe3 Ke6 40. Bxc6
Kd6 41. b5 Ba5 42. Kd3 h6 43. h4 Ke6 44. g4 Kd6 45. Be8 Ke7 46. Bc6 Kd6 47. Bb7
Ke6 48. h5 Kd6 49. Bc6 Ke6 50. Be8 Ke7 51. Bg6 Kd6 52. Bf7 c6 53. bxc6 Kxc6 54.
c4 dxc4+ 55. Bxc4 Kd6 56. Ke4 Bc3 1/2-1/2

[Event "XtraCon-Skakligaen"]
[Site "Denmark"]
[Date "2012.01.29"]
[Round "6.5"]
[White "Andersen, Ib Hother"]
[Black "Nielsen, Niels-Peter"]
[Result "1-0"]
[WhiteElo "2183"]
[BlackElo "2161"]
[PlyCount "77"]
[EventDate "2011.10.29"]
[EventType "team-tourn"]
[EventRounds "9"]
[WhiteTeam "Hillerod"]
[BlackTeam "Sydostfyn"]
[WhiteTeamCountry "DEN"]
[BlackTeamCountry "DEN"]

1. e4 e6 2. d4 d5 3. Nc3 dxe4 4. Nxe4 Nf6 5. Nxf6+ gxf6 6. Nf3 c5 7. Be3 cxd4
8. Nxd4 a6 9. Qf3 Be7 10. O-O-O Qa5 11. Kb1 e5 12. Nf5 Bxf5 13. Qxf5 Qc7 14.
Be2 Nc6 15. Bg4 Rd8 16. Rxd8+ Nxd8 17. Rd1 Ne6 18. h3 O-O 19. Be2 Rd8 20. Bd3
Nf8 21. Rf1 Qd7 22. Qh5 Qd5 23. f4 Ng6 24. fxe5 fxe5 25. Qg4 Qd7 26. Qe4 b5 27.
g3 Qxh3 28. Qf3 Qe6 29. Rh1 Qf6 30. Qh5 Qg7 31. Bh6 Qh8 32. Be3 a5 33. Rf1 Rd6
34. Qf5 Rf6 35. Qc8+ Bf8 36. Rd1 Rf2 37. Bxg6 hxg6 38. Bxf2 Qh5 39. g4 1-0

[Event "XtraCon-Skakligaen"]
[Site "Denmark"]
[Date "2012.01.29"]
[Round "6.6"]
[White "Nohr, Finn"]
[Black "Svenninggaard, Thomas"]
[Result "1-0"]
[WhiteElo "2110"]
[BlackElo "2163"]
[PlyCount "71"]
[EventDate "2011.10.29"]
[EventType "team-tourn"]
[EventRounds "9"]
[WhiteTeam "Sydostfyn"]
[BlackTeam "Hillerod"]
[WhiteTeamCountry "DEN"]
[BlackTeamCountry "DEN"]

1. e4 g6 2. d4 Bg7 3. Nc3 d6 4. f4 c6 5. Nf3 Nf6 6. Bd3 O-O 7. O-O b5 8. e5 Ne8
9. Ne4 Na6 10. c3 Rb8 11. Qe2 Nac7 12. Kh1 Nd5 13. Bd2 Nec7 14. a4 bxa4 15. Bc1
Ne6 16. g3 Nb6 17. exd6 exd6 18. f5 gxf5 19. Neg5 h6 20. Nh3 Nd5 21. Nh4 f4 22.
Nf5 Qf6 23. Nxd6 Nxd4 24. Qe4 Qg6 25. Nxf4 Nxf4 26. Bxf4 Qxe4+ 27. Nxe4 Rxb2
28. cxd4 Bh3 29. Rf2 Rb3 30. Bc2 Bxd4 31. Rxa4 Bxf2 32. Bxb3 Bb6 33. Bxh6 Rd8
34. Nf6+ Kh8 35. Rh4 Rd3 36. Bf8# 1-0

[Event "XtraCon-Skakligaen"]
[Site "Denmark"]
[Date "2012.01.29"]
[Round "6.8"]
[White "Furrer, Christian"]
[Black "Erlandsen, Carsten"]
[Result "0-1"]
[WhiteElo "2039"]
[BlackElo "2105"]
[PlyCount "68"]
[EventDate "2011.10.29"]
[EventType "team-tourn"]
[EventRounds "9"]
[WhiteTeam "Sydostfyn"]
[BlackTeam "Hillerod"]
[WhiteTeamCountry "DEN"]
[BlackTeamCountry "DEN"]

1. d4 Nf6 2. c4 g6 3. g3 c5 4. d5 b5 5. cxb5 a6 6. bxa6 d6 7. Nc3 Bg7 8. Bg2
O-O 9. Nf3 Nxa6 10. Nd2 Nc7 11. O-O Ba6 12. Rb1 Ra7 13. b4 Nd7 14. Qc2 Bxc3 15.
Qxc3 Nb5 16. Qe3 Nd4 17. Bb2 Nxe2+ 18. Kh1 Nd4 19. Rfe1 Nc2 20. Qc3 Nd4 21. Qe3
Nf5 22. Qc3 f6 23. Bh3 cxb4 24. Qxb4 Bd3 25. Rbc1 Nc5 26. Bd4 Ra4 27. Bxc5 Rxb4
28. Bxb4 Qb6 29. a3 Qxf2 30. Bxf5 Bxf5 31. Rxe7 Bh3 32. Rg1 Rc8 33. Ree1 Rc2
34. Rd1 Kg7 0-1

[Event "XtraCon-Skakligaen"]
[Site "Denmark"]
[Date "2012.02.19"]
[Round "7.2"]
[White "Ostergaard, Jens"]
[Black "Brynell, Stellan"]
[Result "1-0"]
[WhiteElo "2260"]
[BlackElo "2491"]
[PlyCount "103"]
[EventDate "2011.10.29"]
[EventType "team-tourn"]
[EventRounds "9"]
[WhiteTeam "Hillerod"]
[BlackTeam "Nordkalotten"]
[WhiteTeamCountry "DEN"]
[BlackTeamCountry "DEN"]

1. d4 e6 2. c4 Nf6 3. Nf3 d5 4. Nc3 Bb4 5. Bg5 h6 6. Bxf6 Qxf6 7. e3 O-O 8. Qb3
c5 9. cxd5 exd5 10. Be2 Nc6 11. O-O c4 12. Qa4 Rd8 13. a3 Bxc3 14. bxc3 Bf5 15.
Qb5 b6 16. Nd2 Na5 17. Bf3 a6 18. Qb4 Bd3 19. Rfe1 Rab8 20. e4 Qg5 21. Re3 Nc6
22. Qa4 Ne7 23. Qxa6 b5 24. Rae1 Ng6 25. exd5 Nf4 26. Kh1 Nxd5 27. Bxd5 Qxd5
28. Re5 Qd7 29. Qa5 f6 30. R5e3 Ra8 31. Qb4 Ra4 32. Qb2 Rda8 33. Ra1 Qd6 34.
Qxb5 Rxa3 35. Rxa3 Rxa3 36. Qb2 Qa6 37. h3 Kh7 38. Ne4 Ra2 39. Nxf6+ gxf6 40.
Re7+ Kg6 41. Qb8 h5 42. Qg8+ Kf5 43. Qh7+ Kg5 44. Rg7+ Kf4 45. Qh6+ Ke4 46.
Re7+ Kd5 47. Qxh5+ f5 48. Qf7+ Kc6 49. Qe8+ Kb6 50. Qb8+ Kc6 51. Qc7+ Kb5 52.
Qc5+ 1-0

[Event "XtraCon-Skakligaen"]
[Site "Denmark"]
[Date "2012.02.19"]
[Round "7.4"]
[White "Andersen, Ib Hother"]
[Black "Kristensen, Kaare Hove"]
[Result "1/2-1/2"]
[WhiteElo "2183"]
[BlackElo "2296"]
[PlyCount "99"]
[EventDate "2011.10.29"]
[EventType "team-tourn"]
[EventRounds "9"]
[WhiteTeam "Hillerod"]
[BlackTeam "Nordkalotten"]
[WhiteTeamCountry "DEN"]
[BlackTeamCountry "DEN"]

1. e4 c5 2. Nf3 d6 3. d4 cxd4 4. Nxd4 Nf6 5. Nc3 a6 6. Be3 e5 7. Nf3 Be7 8. Bc4
O-O 9. O-O Be6 10. Bxe6 fxe6 11. Na4 Nfd7 12. c4 Nc6 13. Rc1 b6 14. a3 Nc5 15.
Nc3 a5 16. Rb1 a4 17. Qc2 Qe8 18. Nb5 Qg6 19. Nd2 d5 20. cxd5 exd5 21. Bxc5
Bxc5 22. Nc7 Ra7 23. Nxd5 Raf7 24. Ne3 Rxf2 25. Rxf2 Bxe3 26. Rbf1 b5 27. Qd3
Bxf2+ 28. Rxf2 Rxf2 29. Kxf2 Nd4 30. Nf3 Qb6 31. Nxd4 exd4 32. e5 g6 33. Kf3
Kf7 34. Ke4 Qc6+ 35. Kxd4 Qxg2 36. Kc5 Qb7 37. Qd6 Qe7 38. Kc6 g5 39. Kd5 Qb7+
40. Kd4 Qe7 41. Qd5+ Qe6 42. Qxb5 h5 43. Qb7+ Ke8 44. Qb8+ Kf7 45. Qb7+ Ke8 46.
Qb8+ Kf7 47. Qc7+ Ke8 48. Ke4 Qg6+ 49. Kd4 Qe6 50. Qb8+ 1/2-1/2

[Event "XtraCon-Skakligaen"]
[Site "Denmark"]
[Date "2012.02.19"]
[Round "7.5"]
[White "Pedersen, Daniel V"]
[Black "Svenninggaard, Thomas"]
[Result "0-1"]
[WhiteElo "2283"]
[BlackElo "2163"]
[PlyCount "84"]
[EventDate "2011.10.29"]
[EventType "team-tourn"]
[EventRounds "9"]
[WhiteTeam "Nordkalotten"]
[BlackTeam "Hillerod"]
[WhiteTeamCountry "DEN"]
[BlackTeamCountry "DEN"]

1. e4 d6 2. d4 Nf6 3. Nc3 g6 4. Bf4 Bg7 5. h3 O-O 6. Nf3 c5 7. d5 Qa5 8. Nd2
Nh5 9. Be3 Bxc3 10. bxc3 Qxc3 11. Be2 Ng3 12. Rh2 Nxe4 13. Kf1 Ng3+ 14. Ke1 Nf5
15. Bf4 Qd4 16. g3 Qxd5 17. h4 e5 18. Bg5 h6 19. h5 Qd4 20. hxg6 fxg6 21. Bxh6
Nxh6 22. c3 Qxc3 23. Rc1 Qa5 24. Rxh6 Kg7 25. Rh4 Nc6 26. Bd3 Bf5 27. Qb3 Qc7
28. Bxf5 Rxf5 29. Qe3 Rh8 30. Rxh8 Kxh8 31. Qh6+ Qh7 32. Qxh7+ Kxh7 33. Ne4 Nb4
34. Ke2 d5 35. Nxc5 b6 36. Nb3 Nxa2 37. Rc7+ Kh6 38. Rxa7 Nc3+ 39. Ke1 Rf3 40.
Nd2 Rd3 41. f4 e4 42. Nf1 e3 0-1

[Event "XtraCon-Skakligaen"]
[Site "Denmark"]
[Date "2012.02.19"]
[Round "7.6"]
[White "Erlandsen, Carsten"]
[Black "Hove, Esben Kjems"]
[Result "0-1"]
[WhiteElo "2105"]
[BlackElo "2265"]
[PlyCount "66"]
[EventDate "2011.10.29"]
[EventType "team-tourn"]
[EventRounds "9"]
[WhiteTeam "Hillerod"]
[BlackTeam "Nordkalotten"]
[WhiteTeamCountry "DEN"]
[BlackTeamCountry "DEN"]

1. d4 d5 2. c4 c6 3. Nc3 Nf6 4. Bg5 Ne4 5. Nxe4 dxe4 6. g3 g6 7. Bg2 Bg7 8. Be3
Qa5+ 9. Bd2 Qa6 10. Qc2 Bxd4 11. e3 Bg7 12. Bxe4 Be6 13. Bc3 O-O 14. b3 Nd7 15.
h4 Nf6 16. Bf3 Rfd8 17. h5 Bf5 18. Qb2 gxh5 19. Ne2 c5 20. Nf4 Bg4 21. Bd5 Nxd5
22. Bxg7 Nxf4 23. gxf4 Qc6 24. O-O f6 25. f3 Bxf3 26. Qf2 Bg4 27. Bh6 Qe4 28.
f5 Rd3 29. Qg3 Kf7 30. Rf4 Qe5 31. Re1 Rg8 32. Kh1 Bxf5 33. Qf2 Be4+ 0-1

[Event "XtraCon-Skakligaen"]
[Site "Denmark"]
[Date "2012.02.19"]
[Round "7.8"]
[White "Skov, Palle"]
[Black "Ejsing, Esben"]
[Result "0-1"]
[WhiteElo "2002"]
[BlackElo "2092"]
[PlyCount "162"]
[EventDate "2011.10.29"]
[EventType "team-tourn"]
[EventRounds "9"]
[WhiteTeam "Hillerod"]
[BlackTeam "Nordkalotten"]
[WhiteTeamCountry "DEN"]
[BlackTeamCountry "DEN"]

1. c4 Nf6 2. Nf3 g6 3. Nc3 Bg7 4. g3 O-O 5. Bg2 d6 6. O-O Nc6 7. Rb1 a5 8. a3
Bf5 9. d3 Qd7 10. Re1 Bh3 11. Bh1 h6 12. b4 axb4 13. axb4 Ng4 14. Nd5 g5 15. b5
Nd8 16. Bb2 e5 17. Ra1 Ne6 18. Qc2 Rab8 19. Ra7 f5 20. e3 f4 21. exf4 gxf4 22.
d4 fxg3 23. hxg3 Rxf3 24. Bxf3 Rf8 25. Bxg4 Bxg4 26. Qg6 Ng5 27. Ra8 Qf7 28.
Qxf7+ Kxf7 29. Rxf8+ Kxf8 30. Ra1 exd4 31. Nxc7 Nf3+ 32. Kg2 Nd2 33. f3 Bxf3+
34. Kf2 Bg4 35. Ra7 Nxc4 36. Bc1 d3 37. Rxb7 Bd4+ 38. Ke1 Bc3+ 39. Kf2 d2 40.
Bxd2 Bxd2 41. Nd5 Be6 42. Rb8+ Kf7 43. Rb7+ Kg6 44. Nf4+ Kf5 45. Nxe6 Kxe6 46.
Ke2 Kd5 47. Rc7 Bg5 48. Rc8 Nb6 49. Rc7 Bd8 50. Rh7 Bg5 51. Rc7 Na4 52. Kf3 Kd4
53. Rc6 Kd5 54. Rc7 Nb6 55. Kg4 Bd2 56. Kh5 Be3 57. g4 Ke6 58. Rc6 Nd7 59. Rc3
Bg5 60. Kg6 Ne5+ 61. Kh5 Nd7 62. Kg6 Bf4 63. Rb3 Nb6 64. Rb1 d5 65. Re1+ Kd6
66. Kf5 Bg5 67. Rb1 Kc5 68. Ke5 Bd2 69. Ke6 Bg5 70. Kf5 Nc4 71. Ke6 d4 72. Rd1
Bd2 73. b6 Kxb6 74. Rb1+ Kc5 75. Rb8 d3 76. Rc8+ Kd4 77. Rd8+ Ke4 78. Rc8 Ne5
79. Rg8 Bg5 80. Ra8 d2 81. Ra4+ Ke3 0-1

[Event "XtraCon-Skakligaen"]
[Site "Denmark"]
[Date "2012.02.19"]
[Round "7.2"]
[White "Glud, Jakob Vang"]
[Black "Rasmussen, Karsten"]
[Result "1-0"]
[WhiteElo "2496"]
[BlackElo "2424"]
[PlyCount "87"]
[EventDate "2011.10.29"]
[EventType "team-tourn"]
[EventRounds "9"]
[WhiteTeam "Jetsmark"]
[BlackTeam "Aarhus/Skolerne"]
[WhiteTeamCountry "DEN"]
[BlackTeamCountry "DEN"]

1. c4 Nf6 2. Nf3 g6 3. g3 Bg7 4. Bg2 O-O 5. O-O d6 6. d4 Nc6 7. Nc3 e5 8. h3
exd4 9. Nxd4 Nxd4 10. Qxd4 Be6 11. Qh4 Nd7 12. Bg5 f6 13. Bd2 c6 14. b3 Qe7 15.
e4 a5 16. f4 a4 17. Nxa4 Bxc4 18. Rfe1 Bf7 19. Rad1 b5 20. Nc3 Nc5 21. e5 d5
22. f5 gxf5 23. Qb4 fxe5 24. Be3 Rfe8 25. Bxc5 Qg5 26. Kh2 Qf6 27. Rf1 Qe6 28.
Rde1 Qd7 29. a3 d4 30. Ne2 d3 31. Rd1 Rad8 32. Rfe1 Bh5 33. g4 fxg4 34. Ng3
gxh3 35. Bxh3 Qf7 36. Nxh5 Qxh5 37. Qe4 d2 38. Rg1 Kh8 39. Rg4 Bh6 40. Qxc6
Bf4+ 41. Rxf4 Qxd1 42. Qf6+ Kg8 43. Be6+ Rxe6 44. Qxe6+ 1-0

[Event "XtraCon-Skakligaen"]
[Site "Denmark"]
[Date "2012.02.19"]
[Round "7.3"]
[White "Skytte, Rasmus"]
[Black "Pedersen, Christian Kyndel"]
[Result "0-1"]
[WhiteElo "2388"]
[BlackElo "2416"]
[PlyCount "128"]
[EventDate "2011.10.29"]
[EventType "team-tourn"]
[EventRounds "9"]
[WhiteTeam "Aarhus/Skolerne"]
[BlackTeam "Jetsmark"]
[WhiteTeamCountry "DEN"]
[BlackTeamCountry "DEN"]

1. e4 c5 2. Nf3 d6 3. d4 cxd4 4. Nxd4 Nf6 5. Nc3 a6 6. Bg5 e6 7. f4 Nbd7 8. Qf3
Qc7 9. O-O-O Be7 10. g4 b5 11. Bxf6 Nxf6 12. g5 Nd7 13. f5 Nc5 14. f6 gxf6 15.
gxf6 Bf8 16. Nd5 Qb7 17. Rg1 Nxe4 18. Qxe4 Qxd5 19. Qxd5 exd5 20. Re1+ Kd8 21.
Kb1 Kc7 22. Rg5 h6 23. Rxd5 Bb7 24. Rf5 Rg8 25. Bd3 Rg4 26. c3 Kb6 27. a3 Rd8
28. Rf2 d5 29. Nf5 Bc8 30. Ne7 Be6 31. Bf5 Bxf5+ 32. Rxf5 d4 33. Nd5+ Kc6 34.
Ne7+ Kb6 35. Nd5+ Kb7 36. cxd4 Rxd4 37. Nc3 R4d6 38. Re4 Rd2 39. Ne2 Rc8 40.
Nd4 Rxh2 41. Rd5 Rh1+ 42. Ka2 Rhc1 43. Nf5 R1c5 44. Rxc5 Rxc5 45. Ng7 h5 46.
Re8 Rc8 47. Re5 h4 48. Rh5 Rc6 49. Rh8 Bc5 50. Rxh4 Rxf6 51. b4 Bd6 52. Re4
Rf2+ 53. Kb3 Rf3+ 54. Kb2 Kc6 55. Ne8 Bf8 56. Re2 Kd7 57. Ka2 Bh6 58. Re1 Re3
59. Nf6+ Ke6 60. Rh1 Bg7 61. Ne8 Re2+ 62. Kb1 Bd4 63. Rg1 Rb2+ 64. Kc1 Ra2 0-1

[Event "XtraCon-Skakligaen"]
[Site "Denmark"]
[Date "2012.02.19"]
[Round "7.4"]
[White "Christensen, Stefan"]
[Black "Christensen, Tobias"]
[Result "0-1"]
[WhiteElo "2278"]
[BlackElo "2346"]
[PlyCount "52"]
[EventDate "2011.10.29"]
[EventType "team-tourn"]
[EventRounds "9"]
[WhiteTeam "Jetsmark"]
[BlackTeam "Aarhus/Skolerne"]
[WhiteTeamCountry "DEN"]
[BlackTeamCountry "DEN"]

1. e4 c5 2. c3 Nf6 3. e5 Nd5 4. d4 cxd4 5. Nf3 Nc6 6. cxd4 d6 7. Bc4 Nb6 8. Bb3
dxe5 9. d5 Na5 10. Nc3 f6 11. d6 Qxd6 12. O-O Qxd1 13. Rxd1 Bd7 14. Be3 e6 15.
Ne4 Nd5 16. Bxd5 exd5 17. Rxd5 Nc4 18. Nc3 Bc6 19. Rdd1 Nxb2 20. Rdb1 Nc4 21.
Nb5 Nxe3 22. Nc7+ Kd7 23. Nxa8 Nc2 24. Rd1+ Bd6 25. Rxd6+ Kxd6 26. Rd1+ Nd4 0-1

[Event "XtraCon-Skakligaen"]
[Site "Denmark"]
[Date "2012.02.19"]
[Round "7.5"]
[White "Ochsner, Bjorn Moller"]
[Black "Baekgaard, Martin"]
[Result "0-1"]
[WhiteElo "2252"]
[BlackElo "2295"]
[PlyCount "58"]
[EventDate "2011.10.29"]
[EventType "team-tourn"]
[EventRounds "9"]
[WhiteTeam "Aarhus/Skolerne"]
[BlackTeam "Jetsmark"]
[WhiteTeamCountry "DEN"]
[BlackTeamCountry "DEN"]

1. e4 e5 2. Nf3 Nc6 3. Bb5 a6 4. Ba4 Nge7 5. O-O g6 6. c3 Bg7 7. d4 exd4 8.
cxd4 O-O 9. Nc3 d5 10. Bxc6 bxc6 11. Bg5 h6 12. Bxe7 Qxe7 13. exd5 cxd5 14.
Nxd5 Qd6 15. Ne3 Bb7 16. Rc1 Rad8 17. b3 Rfe8 18. d5 Bxd5 19. Nxd5 Qxd5 20.
Qxd5 Rxd5 21. Rxc7 Re2 22. a4 Rb2 23. Re1 Bf8 24. Rb7 Bc5 25. Re8+ Kg7 26. h4
Bxf2+ 27. Kh2 Rd3 28. Ree7 Rxf3 29. gxf3 Bxh4+ 0-1